Disturbed Discography Quiz - Statistics

General Stats
  • This quiz has been taken 41 times
    19 since last reset
  • The average score is 7 of 8
Answer Stats
Year Album % Correct
2008 Indestructible
100%
2005 Ten Thousand Fists
100%
2000 The Sickness
100%
2002 Believe
92%
2018 Evolution
92%
2015 Immortalized
92%
2010 Asylum
85%
2022 Divisive
77%
No matching quizzes found
Score Distribution
Percent of People with Each Score
Percentile by Number Answered
Your Score History
You have not taken this quiz since the last reset